000 00430nam a2200145Ia 4500
008 220204s9999 xx 000 0 und d
082 _a581.331.2(540)
_bNAI.5
100 _aNAIR, P K K
245 0 _aPollen grains of Indian plants. V. Verbenaceae.
260 _aLucknow
_bNational Botanic Gardens
_c1962
490 _aBulletin of the National Botanic Gardens; 76
650 _aPollen grain
700 _aREHMAN, K
942 _cBK
999 _c20722
_d20722